| 000 | 01046nam a22002535a 4500 | ||
|---|---|---|---|
| 003 | OSt | ||
| 005 | 20170325105647.0 | ||
| 008 | 170325s2011 ua frb 000 0 ara d | ||
| 015 | _a2011 / 10537 | ||
| 020 | _a9789770467546 | ||
| 040 |
_aEG-ScBUE _bara _cEG-ScBUE |
||
| 082 | 0 | 4 |
_a341.48 _bب س ي _222 |
| 100 | 1 | _aبسيوني، محمود شريف. | |
| 245 | 1 | 2 |
_aالوثائق الدولية والإقليمية المعنية بحقوق الإنسان / _cإعداد محمود شريف بسيوني، خالد محيي الدين. |
| 260 |
_aالقاهرة : _bدار النهضة العربية، _c2011. |
||
| 300 |
_a3 مج. ؛ _c24 سم. |
||
| 504 | _aيشتمل على إرجاعات ببليوجرافية. | ||
| 505 | 0 | _aمج. 1، 2. الوثائق العالمية -- مج. 3. الوثائق الإسلامية والإقليمية. | |
| 650 | 7 |
_aحقوق الإنسان (قانون دولي) _2BUEsh _940977 |
|
| 651 | _2BUEsh | ||
| 653 |
_bLLAAWW _cMarch2017 |
||
| 700 | 1 | _aمحيي الدين، خالد. | |
| 942 | _2ddc | ||
| 999 |
_c24525 _d24497 |
||